000 00333nam a22001217a 4500
008 230703b xxu||||| |||| 00| 0 eng d
082 _a345.05
_bCOM
100 _cCOM
245 _aReport of the President's Commission on the Assassination of President John F. Kennedy
260 _aWashington
_bUS
300 _a888p
942 _2ddc
_cBK
999 _c3517
_d3517